University as a factor of economic growth

Univerzity a ich poslanie v rozvoji spoločnosti. Globálna kríza a univerzity. Potenciál univerzít pre obnovu ekonomického rastu. Prínos univerzít k riešeniu problémov zapríčinených krízou.

Na minha lista:
Detalhes bibliográficos
Autor principal: Sivák, Rudolf, 1955-
Formato: Capítulo de Livro
Idioma:inglês
Assuntos:
Tags: Adicionar Tag
Sem tags, seja o primeiro a adicionar uma tag!

MARC

LEADER 00000naa a2200000 4500
001 0141711
005 20240502072536.1
041 0 |a eng 
044 |a SK 
245 1 0 |a University as a factor of economic growth  |c Rudolf Sivák 
520 |a Univerzity a ich poslanie v rozvoji spoločnosti. Globálna kríza a univerzity. Potenciál univerzít pre obnovu ekonomického rastu. Prínos univerzít k riešeniu problémov zapríčinených krízou. 
610 2 0 |a vzdelávanie vysokoškolské 
610 2 0 |a faktory rastu hospodárskeho 
610 2 0 |a potenciál ekonomický 
610 2 0 |a kríza hospodárska 
610 2 0 |a ekonomika znalostná 
100 1 |a Sivák, Rudolf, 1955-